[Event "Hessische EM 2010, D-Turnier"]
[Site "Bad Vilbel"]
[Date "2010.04.02"]
[Round "1"]
[White "Gertz, Berthold"]
[Black "Jöckel, Thomas"]
[Result "1-0"]
[WhiteElo "1953"]
[BlackElo "1613"]
[PlyCount "65"]
[EventDate "2010.??.??"]

1. d4 Nf6 2. c4 e5 3. e3 Bb4+ 4. Bd2 Bxd2+ 5. Nxd2 exd4 6. exd4 O-O 7. Bd3 d6
8. Ne2 Nc6 9. O-O Bg4 10. Nb3 Qe7 11. Qd2 Rfe8 12. Rae1 Qd7 13. f3 Bf5 14. Ng3
Bxd3 15. Qxd3 Rxe1 16. Rxe1 Re8 17. Ne4 Nxe4 18. Rxe4 Rxe4 19. Qxe4 Qe6 20. a3
Qxe4 21. fxe4 a5 22. a4 b6 23. Kf2 f6 24. Ke3 Kf7 25. h3 Ke7 26. c5 dxc5 27.
dxc5 Ke6 28. Nd4+ Nxd4 29. Kxd4 g6 30. Kc4 Ke5 31. cxb6 cxb6 32. Kb5 Kxe4 33.
Kxb6 1-0

[Event "Hessische EM 2010, D-Turnier"]
[Site "Bad Vilbel"]
[Date "2010.04.02"]
[Round "1"]
[White "Waschke, Thomas"]
[Black "Bender, Sebastian"]
[Result "1-0"]
[WhiteElo "1612"]
[BlackElo "1871"]
[PlyCount "130"]
[EventDate "2010.??.??"]

1. e4 c5 2. Nf3 Nc6 3. d4 cxd4 4. Nxd4 Nf6 5. Nc3 e5 6. Ndb5 d6 7. Bg5 a6 8.
Na3 b5 9. Nd5 Be7 10. Nxf6+ gxf6 11. Be3 Be6 12. c4 b4 13. Nc2 f5 14. Qf3 fxe4
15. Qxe4 d5 16. cxd5 Qxd5 17. Qxd5 Bxd5 18. O-O-O Bxa2 19. Bd3 Bd5 20. f3 b3
21. Na3 Nb4 22. Bf5 Rg8 23. Rd2 h5 24. Rhd1 Rd8 25. Kb1 Bc6 26. Nc4 Nd5 27. Be4
Nb4 28. Nxe5 Bxe4+ 29. fxe4 Rxd2 30. Rxd2 Nc2 31. Bb6 Bg5 32. Rf2 f6 33. Nc4
Ke7 34. Na5 Be3 35. Bxe3 Nxe3 36. g3 Rg4 37. Nxb3 Rxe4 38. Re2 Kd6 39. Rd2+ Kc6
40. Nd4+ Kb6 41. Nf3 Nc4 42. Rd5 Re2 43. Rxh5 Rxb2+ 44. Kc1 a5 45. Rh8 Rf2 46.
Nd4 a4 47. Ra8 Kc5 48. Ne6+ Kb4 49. h4 Kc3 50. Kb1 a3 51. Nc5 Rb2+ 52. Ka1 Kc2
53. Na4 Rb1+ 54. Ka2 Rg1 55. Rc8 Kd3 56. Nc5+ Kd4 57. Nb3+ Kd5 58. h5 Rxg3 59.
h6 Rg2+ 60. Ka1 Rh2 61. Rh8 f5 62. h7 f4 63. Rd8+ Ke4 64. h8=Q Rxh8 65. Rxh8
Kf3 1-0

[Event "Hessische EM 2010, D-Turnier"]
[Site "Bad Vilbel"]
[Date "2010.04.02"]
[Round "1"]
[White "Kuhnigk, Thomas"]
[Black "Stoll, Ulrich"]
[Result "1-0"]
[WhiteElo "1680"]
[BlackElo "1609"]
[PlyCount "65"]
[EventDate "2010.??.??"]

1. d4 c5 2. d5 Nf6 3. Nc3 g6 4. e4 d6 5. f4 Bg7 6. Nf3 O-O 7. Bd3 b6 8. Qe2
Nbd7 9. O-O Bb7 10. Bd2 a6 11. a4 e6 12. dxe6 fxe6 13. Rae1 Nh5 14. f5 e5 15.
Bc4+ Kh8 16. fxg6 hxg6 17. Ng5 Nf4 18. Bxf4 exf4 19. Ne6 Qe7 20. Nxf8 Rxf8 21.
Rf3 Bh6 22. Nd5 Bxd5 23. exd5 Ne5 24. Rf2 Qg5 25. Ref1 Qh4 26. g3 Qg5 27. Rxf4
Rxf4 28. Rxf4 Kg7 29. Bxa6 Qe7 30. Rf2 Qg5 31. Rf1 Ng4 32. Qf3 Ne3 33. Qf8+ 1-0

[Event "Hessische EM 2010, D-Turnier"]
[Site "Bad Vilbel"]
[Date "2010.04.02"]
[Round "1"]
[White "Lietz, Helmuth"]
[Black "Bachmann, Nick"]
[Result "1/2-1/2"]
[WhiteElo "1608"]
[BlackElo "1675"]
[PlyCount "54"]
[EventDate "2010.??.??"]

1. d4 Nf6 2. c4 d6 3. Nc3 g6 4. Bg5 Bg7 5. Nf3 O-O 6. e3 Nbd7 7. Bd3 h6 8. Bh4
e5 9. dxe5 dxe5 10. Ne4 c6 11. O-O Qc7 12. Nxf6+ Nxf6 13. Qc2 Re8 14. Bxf6 Bxf6
15. Bxg6 Kg7 16. Be4 Rg8 17. Rad1 Bg4 18. Rd2 Rad8 19. Rfd1 c5 20. b3 b6 21. h3
Bxf3 22. Bxf3 Rxd2 23. Rxd2 Rd8 24. Rd5 Rxd5 25. cxd5 Qd7 26. Qc4 Be7 27. e4 f5
1/2-1/2

[Event "Hessische EM 2010, D-Turnier"]
[Site "Bad Vilbel"]
[Date "2010.04.02"]
[Round "1"]
[White "Hastenrath, Teja"]
[Black "Mulch, Till"]
[Result "0-1"]
[WhiteElo "1674"]
[BlackElo "1928"]
[PlyCount "68"]
[EventDate "2010.??.??"]

1. d4 Nf6 2. c4 c5 3. d5 b5 4. cxb5 e6 5. Nc3 exd5 6. Nxd5 Bb7 7. Nxf6+ Qxf6 8.
Nf3 d5 9. Qc2 Nd7 10. Bg5 Qb6 11. e3 f6 12. Bf4 g5 13. Bg3 Bd6 14. Bd3 O-O-O
15. Bxd6 Qxd6 16. Nd4 Ne5 17. Bf5+ Kb8 18. Ne6 Rc8 19. O-O h5 20. Rfc1 Ng4 21.
g3 Ne5 22. Qe2 d4 23. e4 d3 24. Qd1 c4 25. Ng7 g4 26. Bxc8 Rxc8 27. Nf5 Qc5 28.
Nh4 Bxe4 29. b3 c3 30. b4 Qd4 31. Qb3 Bd5 32. Qa4 Qe4 33. f3 Nxf3+ 34. Nxf3
Qxf3 0-1

[Event "Hessische EM 2010, D-Turnier"]
[Site "Bad Vilbel"]
[Date "2010.04.02"]
[Round "1"]
[White "Rüll, Michael"]
[Black "Rennhack, Peer"]
[Result "1/2-1/2"]
[WhiteElo "1778"]
[BlackElo "1674"]
[PlyCount "57"]
[EventDate "2010.??.??"]

1. e4 Nf6 2. d3 d5 3. Nd2 c5 4. Ngf3 Nc6 5. a4 Bg4 6. g3 Qa5 7. Bg2 dxe4 8.
dxe4 Nxe4 9. O-O Rd8 10. Qe1 Nf6 11. Ne5 Qc7 12. Nxc6 bxc6 13. Nc4 Nd5 14. Bd2
e6 15. Ba5 Nb6 16. Ne5 Rd1 17. Rxd1 Bxd1 18. Bxc6+ Ke7 19. Bb4 cxb4 20. Qxb4+
Qd6 21. Qxd6+ Kxd6 22. Nxf7+ Kxc6 23. Rxd1 Rg8 24. Nd8+ Kc7 25. Nxe6+ Kc6 26.
Nd8+ Kc5 27. Ne6+ Kc6 28. Nd8+ Kc7 29. Ne6+ 1/2-1/2

[Event "Hessische EM 2010, D-Turnier"]
[Site "Bad Vilbel"]
[Date "2010.04.02"]
[Round "1"]
[White "Krischak, Werner"]
[Black "Falkenhainer, Sven"]
[Result "1-0"]
[WhiteElo "1827"]
[BlackElo "1595"]
[PlyCount "83"]
[EventDate "2010.??.??"]

1. d4 d5 2. c4 e6 3. Nc3 Nf6 4. cxd5 exd5 5. Bg5 Be7 6. Qc2 O-O 7. e3 c6 8. Bd3
h6 9. Bxf6 Bxf6 10. Nf3 Be6 11. b4 a6 12. a4 Nd7 13. O-O b5 14. Rac1 Nb6 15. e4
Nc4 16. exd5 cxd5 17. axb5 Na3 18. Qb3 axb5 19. Nxb5 Nxb5 20. Bxb5 Rb8 21. Bc6
Be7 22. b5 Bd6 23. Rfe1 Rb6 24. Ne5 Qb8 25. Rb1 Bxe5 26. Rxe5 Rd8 27. Bxd5 Rxd5
28. Rxd5 Rd6 29. Rxd6 Bxb3 30. Rc6 Bd5 31. Rc5 Qb7 32. f3 g5 33. b6 Be6 34. Rc7
Qb8 35. b7 Kg7 36. Rc5 g4 37. fxg4 Bxg4 38. Ra5 Qd8 39. Ra4 Qd7 40. Rab4 Qe7
41. b8=Q Qe3+ 42. Kh1 1-0

[Event "Hessische EM 2010, D-Turnier"]
[Site "Bad Vilbel"]
[Date "2010.04.02"]
[Round "1"]
[White "Kempf, Alexander"]
[Black "Reichel, Rolf"]
[Result "1-0"]
[WhiteElo "1793"]
[BlackElo "1669"]
[PlyCount "81"]
[EventDate "2010.??.??"]

1. e4 c5 2. Nf3 Nc6 3. d4 cxd4 4. Nxd4 d6 5. Nc3 a6 6. Bc4 e6 7. O-O Nf6 8. Be3
Be7 9. f4 O-O 10. f5 d5 11. exd5 exd5 12. Bb3 Bc5 13. Kh1 Ne7 14. Nce2 Bd7 15.
Qd3 Qc7 16. c3 Bd6 17. Bf4 Bxf4 18. Nxf4 Bc6 19. Bc2 Ne4 20. Rae1 Rad8 21. Qe3
Nc8 22. Bxe4 dxe4 23. f6 Qe5 24. Nxc6 bxc6 25. fxg7 Qxg7 26. Qxe4 Rd2 27. Re3
Nd6 28. Qxc6 Nf5 29. Ref3 Rfd8 30. Qe4 Qg5 31. Kg1 Rxb2 32. Rd3 Rdb8 33. Nd5
Nd6 34. Qf3 R8b7 35. Nf6+ Kg7 36. Rxd6 Rb1 37. Nh5+ Kf8 38. Rdd1 Qc5+ 39. Kh1
Rb8 40. h3 R1b5 41. Qxf7# 1-0

[Event "Hessische EM 2010, D-Turnier"]
[Site "Bad Vilbel"]
[Date "2010.04.02"]
[Round "1"]
[White "Hagenberg, Hans-Joachim"]
[Black "Becker, Natalie"]
[Result "1/2-1/2"]
[WhiteElo "1667"]
[BlackElo "1795"]
[PlyCount "47"]
[EventDate "2010.??.??"]

1. e4 g6 2. f4 d6 3. d4 Bg7 4. Bd3 c6 5. Be3 Nf6 6. h3 Nbd7 7. c3 Qc7 8. Nf3 e5
9. Nbd2 b5 10. a4 Rb8 11. fxe5 dxe5 12. axb5 cxb5 13. dxe5 Nxe5 14. Nxe5 Qxe5
15. O-O Bxh3 16. Bf4 Qc5+ 17. Kh2 Bg4 18. Nf3 Rd8 19. Qe2 O-O 20. Ra5 Nh5 21.
Rxb5 Qc6 22. g3 Nxf4 23. gxf4 Qd6 24. Kg3 1/2-1/2

[Event "Hessische EM 2010, D-Turnier"]
[Site "Bad Vilbel"]
[Date "2010.04.02"]
[Round "1"]
[White "Boethelt, Klaus-Dieter"]
[Black "Kilian, Peter"]
[Result "0-1"]
[WhiteElo "1581"]
[BlackElo "1663"]
[PlyCount "32"]
[EventDate "2010.??.??"]

1. d4 Nf6 2. c4 e6 3. Bg5 Bb4+ 4. Nd2 h6 5. Bh4 g5 6. Bg3 Ne4 7. Ngf3 g4 8. a3
gxf3 9. axb4 Nxg3 10. hxg3 fxe2 11. Qxe2 Nc6 12. Qg4 Qf6 13. Nf3 Nxb4 14. O-O-O
d6 15. Qf4 Qg6 16. Qd2 Na2# 0-1

[Event "Hessische EM 2010, D-Turnier"]
[Site "Bad Vilbel"]
[Date "2010.04.02"]
[Round "1"]
[White "Koch, Norbert"]
[Black "Mattusch, Ralf"]
[Result "0-1"]
[WhiteElo "1662"]
[BlackElo "1574"]
[PlyCount "88"]
[EventDate "2010.??.??"]

1. e4 e6 2. d4 d5 3. Nd2 dxe4 4. Nxe4 Bd7 5. Nf3 Bc6 6. Bd3 Nd7 7. O-O Ngf6 8.
Ng3 Be7 9. c4 b6 10. Qc2 Bb7 11. Re1 O-O 12. Bf4 Re8 13. Rad1 Bd6 14. Be3 Qe7
15. Ng5 h6 16. N5e4 Nxe4 17. Nxe4 Nf6 18. f3 Nxe4 19. fxe4 c5 20. d5 Qc7 21. g3
Rad8 22. Qf2 exd5 23. exd5 Bc8 24. Kg2 Bg4 25. Rc1 Qd7 26. Bf4 Bh3+ 27. Kg1 Be7
28. Be4 Bf6 29. Qf3 Bxb2 30. Rc2 Bd4+ 31. Be3 Rxe4 32. Qxe4 Bf5 33. Qh4 Bxe3+
34. Rxe3 Bxc2 35. Re7 Qf5 36. Rxf7 Qxf7 37. Qxd8+ Kh7 38. d6 Bd3 39. h4 Bxc4
40. d7 Qf1+ 41. Kh2 Qf2+ 42. Kh3 Be6+ 43. g4 Qe3+ 44. Kh2 Qd2+ 0-1

[Event "Hessische EM 2010, D-Turnier"]
[Site "Bad Vilbel"]
[Date "2010.04.02"]
[Round "1"]
[White "Minarsch, Hans"]
[Black "Hahlbeck, Sven"]
[Result "1-0"]
[WhiteElo "1574"]
[BlackElo "1887"]
[PlyCount "123"]
[EventDate "2010.??.??"]

1. b3 d5 2. Bb2 Bf5 3. e3 e6 4. Nf3 Nf6 5. Be2 c5 6. Bb5+ Nbd7 7. Ne5 a6 8.
Nxd7 Nxd7 9. Be2 Nf6 10. O-O Bd6 11. c4 O-O 12. cxd5 exd5 13. Nc3 Qc7 14. f4 d4
15. Nb1 dxe3 16. Bxf6 gxf6 17. dxe3 Rad8 18. Qc1 Qe7 19. Nc3 Bb8 20. Bf3 Be6
21. e4 f5 22. exf5 Bxf5 23. Nd5 Qd6 24. Qc3 f6 25. Rad1 Bc7 26. Rfe1 Rf7 27. g3
Kg7 28. Ne3 Qe6 29. Bd5 Qc8 30. Bxf7 Kxf7 31. Rxd8 Bxd8 32. Nxf5 Qxf5 33. Qc4+
Kg7 34. Qe6 Qd3 35. Qg4+ Kf8 36. Qe6 Qd4+ 37. Kg2 Kg7 38. Qe4 Qd7 39. f5 b5 40.
Qe6 Qd2+ 41. Re2 Qa5 42. Qd7+ Kh6 43. Re4 Qc7 44. Rh4+ Kg5 45. Rxh7 Qxd7 46.
Rxd7 Ba5 47. Ra7 Kxf5 48. Rxa6 Bc3 49. Rc6 Bd4 50. Kf3 b4 51. h3 Kg5 52. Rd6
Kf5 53. Rd5+ Kg6 54. Rxd4 cxd4 55. Ke4 d3 56. Kxd3 Kf5 57. Ke3 Ke5 58. g4 Kd5
59. h4 Ke5 60. h5 f5 61. gxf5 Kxf5 62. Kd4 1-0

[Event "Hessische EM 2010, D-Turnier"]
[Site "Bad Vilbel"]
[Date "2010.04.02"]
[Round "1"]
[White "Noblé, Daniel"]
[Black "Koch, Thomas"]
[Result "0-1"]
[WhiteElo "1647"]
[BlackElo "1567"]
[PlyCount "82"]
[EventDate "2010.??.??"]

1. e4 e6 2. d3 d5 3. Nd2 Nf6 4. Ngf3 Be7 5. g3 c5 6. Bg2 Nc6 7. O-O O-O 8. Re1
b6 9. h4 dxe4 10. Nxe4 Nxe4 11. Rxe4 Bb7 12. Bf4 Nb4 13. Re2 Nd5 14. Bg5 f6 15.
Bd2 e5 16. Qe1 Re8 17. Nh2 Qc7 18. a3 Bf8 19. Ng4 Ne7 20. Rc1 Bxg2 21. Kxg2
Qb7+ 22. Kh2 Nf5 23. Bc3 Qf3 24. Re4 h5 25. Ne3 Nd6 26. Ra4 b5 27. Ra5 Qc6 28.
Qh1 e4 29. a4 b4 30. Bd2 Qb6 31. Rb5 Nxb5 32. axb5 Qxb5 33. dxe4 Qe2 34. Rd1
Rad8 35. Bc1 Qxf2+ 36. Kh3 Qe2 37. Rxd8 Rxd8 38. Nd5 Qg4+ 39. Kh2 Bd6 40. Bf4
Bxf4 41. Nxf4 Rd2+ 0-1

[Event "Hessische EM 2010, D-Turnier"]
[Site "Bad Vilbel"]
[Date "2010.04.02"]
[Round "1"]
[White "Tautz, Jonas"]
[Black "Schellen, Sven"]
[Result "0-1"]
[WhiteElo "1564"]
[BlackElo "1644"]
[PlyCount "122"]
[EventDate "2010.??.??"]

1. e4 Nf6 2. Nc3 e5 3. Nf3 d6 4. d4 exd4 5. Nxd4 Be7 6. Bc4 a6 7. Bb3 b5 8. Bd5
Nxd5 9. Nxd5 Bb7 10. O-O O-O 11. f3 Nd7 12. b3 Bf6 13. Nxf6+ Qxf6 14. Rb1 d5
15. exd5 Qb6 16. Kh1 Nf6 17. Bb2 Nxd5 18. Qd2 Qg6 19. Rfe1 Rad8 20. Re4 Nf6 21.
Re5 h6 22. Qf2 Rd7 23. Rbe1 Nd5 24. Nf5 Rfd8 25. Qd4 Kh7 26. Qf2 f6 27. Nh4 Qf7
28. R5e2 Nf4 29. Re3 Rd2 30. Qg3 Nh5 31. Qg4 Bc8 32. Qe4+ f5 33. Qc6 Nf6 34.
Bxf6 Qxf6 35. Qxf6 gxf6 36. Re7+ Kg8 37. h3 Rd1 38. Rxd1 Rxd1+ 39. Kh2 Bd7 40.
Re3 Rd4 41. g4 Rd2+ 42. Kg3 fxg4 43. fxg4 Rxc2 44. a3 c5 45. Kf4 c4 46. bxc4
bxc4 47. Nf5 h5 48. Ne7+ Kf7 49. gxh5 c3 50. Nd5 Rf2+ 51. Kg3 c2 52. Rc3 Rd2
53. Nb4 Bf5 54. Kf4 Bh7 55. Ke3 Rh2 56. Kd4 a5 57. Na2 Rh1 58. Rc7+ Kg8 59.
Rc8+ Kg7 60. Rc7+ Kh6 61. Ke3 Ra1 0-1

[Event "Hessische EM 2010, D-Turnier"]
[Site "Bad Vilbel"]
[Date "2010.04.02"]
[Round "1"]
[White "Jordake, Michael"]
[Black "Traut, Stefan"]
[Result "1/2-1/2"]
[WhiteElo "1643"]
[BlackElo "1825"]
[PlyCount "118"]
[EventDate "2010.??.??"]

1. e4 c5 2. Nc3 Nc6 3. g3 g6 4. Bg2 Bg7 5. d3 d6 6. Be3 Nf6 7. h3 O-O 8. Qd2
Rb8 9. Nf3 b5 10. O-O Bd7 11. Ne2 Qc7 12. c3 Rfc8 13. Ne1 Qa5 14. d4 cxd4 15.
cxd4 Qxd2 16. Bxd2 b4 17. Rd1 a5 18. Nd3 Nd8 19. Nef4 Bb5 20. Be3 Rc2 21. Rfe1
Rbc8 22. e5 Ne8 23. Bd5 e6 24. Bb3 R2c7 25. exd6 Nxd6 26. Nc5 N6b7 27. Rd2 Bf8
28. Nxb7 Nxb7 29. Nxe6 Rc1 30. Red1 Rxd1+ 31. Rxd1 a4 32. Bd5 Nd6 33. Nxf8 Kxf8
34. Re1 Kg7 35. Bd2 Bc4 36. Bxc4 Rxc4 37. Rd1 b3 38. axb3 axb3 39. d5 Rc2 40.
Bc3+ Kf8 41. Rd2 Rxd2 42. Bxd2 Nc4 43. Bc3 Ke7 44. Kf1 Kd6 45. Ke2 Kxd5 46. Kd3
Nb6 47. Bg7 Na4 48. h4 Nc5+ 49. Kc3 Ne4+ 50. Kxb3 Nxf2 51. Kb4 Kc6 52. Kc4 f5
53. Be5 Ne4 54. Kd4 Nc5 55. Bf4 Nd7 56. b3 Nc5 57. b4 Nd7 58. b5+ Kxb5 59. Kd5
Nc5 1/2-1/2

[Event "Hessische EM 2010, D-Turnier"]
[Site "Bad Vilbel"]
[Date "2010.04.02"]
[Round "1"]
[White "Babel, Dirk"]
[Black "Pelda, Jaromir"]
[Result "1/2-1/2"]
[WhiteElo "1557"]
[BlackElo "1640"]
[PlyCount "38"]
[EventDate "2010.??.??"]

1. e4 e6 2. d4 d5 3. exd5 exd5 4. Bf4 Bd6 5. Bxd6 Qxd6 6. c3 Ne7 7. Bd3 Nd7 8.
Nf3 Nf6 9. O-O Bg4 10. Re1 O-O 11. Nbd2 Rae8 12. Qc2 Ng6 13. Ng5 Rxe1+ 14. Rxe1
Qf4 15. Ndf3 h6 16. Bxg6 hxg5 17. Ne5 fxg6 18. Nxg6 Qd6 19. Ne7+ Kh8 1/2-1/2

[Event "Hessische EM 2010, D-Turnier"]
[Site "Bad Vilbel"]
[Date "2010.04.02"]
[Round "1"]
[White "Reichel, Günther"]
[Black "Brueckner, Ewald"]
[Result "1/2-1/2"]
[WhiteElo "1730"]
[BlackElo "1546"]
[PlyCount "82"]
[EventDate "2010.??.??"]

1. f4 b6 2. Nf3 Bb7 3. e3 e6 4. b3 Be7 5. Bb2 Bf6 6. Bxf6 Nxf6 7. Be2 d6 8. O-O
O-O 9. c4 Nbd7 10. Nc3 a6 11. Rc1 Ne4 12. Qc2 Nxc3 13. Qxc3 Qf6 14. Qc2 h6 15.
d4 c5 16. Rcd1 Rac8 17. dxc5 Nxc5 18. Rxd6 Be4 19. Qc1 b5 20. b4 Na4 21. Ne5
Qe7 22. c5 f6 23. Nf3 Qxd6 24. cxd6 Rxc1 25. Rxc1 Rd8 26. Nd2 Bd5 27. e4 Bxa2
28. Rc6 e5 29. fxe5 fxe5 30. Rxa6 Nc3 31. Bg4 Kf7 32. Rc6 Nb1 33. Nf3 Be6 34.
Nxe5+ Kf6 35. Bxe6 Kxe6 36. Nf3 Rxd6 37. Rxd6+ Kxd6 38. Kf2 Nc3 39. Ke3 Na2 40.
Kd4 Nxb4 41. e5+ Ke6 1/2-1/2

[Event "Hessische EM 2010, D-Turnier"]
[Site "Bad Vilbel"]
[Date "2010.04.02"]
[Round "1"]
[White "Voellinger, Florian"]
[Black "Becker, Peter"]
[Result "1-0"]
[WhiteElo "1534"]
[BlackElo "1952"]
[PlyCount "93"]
[EventDate "2010.??.??"]

1. d4 Nf6 2. c4 c5 3. d5 b5 4. cxb5 a6 5. bxa6 Bxa6 6. Nc3 g6 7. e4 Bxf1 8.
Kxf1 d6 9. f4 Nbd7 10. Nge2 Bg7 11. Ng3 O-O 12. Qe2 e6 13. h4 h5 14. e5 dxe5
15. fxe5 Ng4 16. Bg5 Qb6 17. Nge4 Bxe5 18. Rh3 Bd4 19. Ke1 f5 20. dxe6 Qxe6 21.
Nd2 Qxe2+ 22. Kxe2 Rae8+ 23. Kf1 Rb8 24. Nc4 Nde5 25. Nxe5 Nxe5 26. b3 Ng4 27.
Rc1 f4 28. Nd5 Ne3+ 29. Nxe3 Bxe3 30. Rc4 Rf5 31. Rf3 Rbf8 32. a4 R8f7 33. a5
Rd7 34. Bxf4 Bd4 35. a6 Be5 36. Rxc5 Rxf4 37. Rxe5 Rd1+ 38. Ke2 Rfd4 39. a7
R1d2+ 40. Kf1 Rd8 41. Rfe3 Kf8 42. Re8+ Kf7 43. R3e7+ Kf6 44. Rxd8 Rxd8 45. Rb7
Ra8 46. b4 Ke5 47. b5 1-0

[Event "Hessische EM 2010, D-Turnier"]
[Site "Bad Vilbel"]
[Date "2010.04.02"]
[Round "1"]
[White "Riha, Peter"]
[Black "El-Lawindy, Asem"]
[Result "0-1"]
[WhiteElo "1821"]
[BlackElo "1533"]
[PlyCount "82"]
[EventDate "2010.??.??"]

1. d4 d5 2. Bf4 Nc6 3. e3 Nf6 4. c4 Bf5 5. Nc3 a6 6. Qb3 Na5 7. Qa4+ c6 8. c5
e6 9. Nf3 Be7 10. Ne5 O-O 11. b4 Nc4 12. Nxc4 dxc4 13. Bxc4 Nd5 14. Nxd5 exd5
15. Be2 Bg5 16. Be5 Re8 17. Qb3 Bf6 18. Bg3 Qe7 19. Bf3 Bxd4 20. Rd1 Be5 21.
Bxe5 Qxe5 22. O-O Re6 23. Rd4 Rh6 24. g3 Qe6 25. Rfd1 Rf8 26. h4 Qg6 27. h5 Qf6
28. Qa3 Qg5 29. Kf1 Qf6 30. Ke2 g5 31. hxg6 hxg6 32. Qc1 Re8 33. g4 Be4 34.
Bxe4 dxe4 35. Rf1 Qf3+ 36. Ke1 Qxg4 37. Qc4 Qf3 38. Rd7 Kf8 39. Rxb7 Rd8 40.
Qc2 Rh5 41. Rg1 Rhd5 0-1

[Event "Hessische EM 2010, D-Turnier"]
[Site "Bad Vilbel"]
[Date "2010.04.02"]
[Round "1"]
[White "Kalmann, Max"]
[Black "Struth, Jürgen"]
[Result "1/2-1/2"]
[WhiteElo "1531"]
[BlackElo "1625"]
[PlyCount "56"]
[EventDate "2010.??.??"]

1. e4 e5 2. Bc4 Nf6 3. d3 Bc5 4. Nf3 Nc6 5. O-O d6 6. c3 Bg4 7. Nbd2 O-O 8. a4
a5 9. h3 Bh5 10. Re1 Re8 11. Nf1 h6 12. Be3 Bxe3 13. Nxe3 Ne7 14. g4 Bg6 15.
Nh2 d5 16. exd5 Nexd5 17. Nxd5 Nxd5 18. Bxd5 Qxd5 19. Re3 Rad8 20. c4 Qd6 21.
Qb3 b6 22. Rd1 Kh8 23. Qc3 f6 24. Nf3 Qd7 25. Nh4 Bh7 26. b3 Qd4 27. Qe1 Qd7
28. Qe2 Qd6 1/2-1/2

[Event "Hessische EM 2010, D-Turnier"]
[Site "Bad Vilbel"]
[Date "2010.04.02"]
[Round "1"]
[White "Schmöckel, Guido"]
[Black "Euler, Uli"]
[Result "0-1"]
[WhiteElo "1623"]
[BlackElo "1529"]
[PlyCount "58"]
[EventDate "2010.??.??"]

1. d4 Nf6 2. c4 g6 3. Nf3 Bg7 4. Nc3 O-O 5. e4 d6 6. Be2 Bg4 7. h3 Bxf3 8. Bxf3
e5 9. d5 Nfd7 10. O-O f5 11. Qc2 Na6 12. a3 fxe4 13. Nxe4 Nac5 14. Nxc5 Nxc5
15. b4 e4 16. Bb2 Bxb2 17. Qxb2 Nd3 18. Qd2 exf3 19. Qxd3 Qh4 20. Rae1 Rf4 21.
Re3 fxg2 22. Kxg2 Raf8 23. Qe2 Rxc4 24. Re7 Qg5+ 25. Kh1 Qxd5+ 26. Kh2 Rc3 27.
Qb2 Qf3 28. Kg1 Qxh3 29. Rc1 Qg4+ 0-1

[Event "Hessische EM 2010, D-Turnier"]
[Site "Bad Vilbel"]
[Date "2010.04.02"]
[Round "1"]
[White "Sendinc, Burhanettin"]
[Black "Bodensohn, Markus"]
[Result "1/2-1/2"]
[WhiteElo "1511"]
[BlackElo "1616"]
[PlyCount "42"]
[EventDate "2010.??.??"]

1. e4 d6 2. d4 Nf6 3. Nc3 g6 4. g3 Bg7 5. Bg2 O-O 6. Nge2 Nbd7 7. O-O e5 8. d5
a5 9. Nb5 Nc5 10. Nec3 Ne8 11. Be3 b6 12. Qd2 f5 13. Bh6 Nf6 14. Bxg7 Kxg7 15.
f3 Bd7 16. Qe2 Rf7 17. b3 Bxb5 18. Nxb5 fxe4 19. fxe4 Qd7 20. c4 Raf8 21. Rf2
Ne8 1/2-1/2

[Event "Hessische EM 2010, D-Turnier"]
[Site "Bad Vilbel"]
[Date "2010.04.02"]
[Round "1"]
[White "Bachmann, Björn"]
[Black "Martens, Nick"]
[Result "1-0"]
[WhiteElo "1534"]
[BlackElo "1506"]
[PlyCount "85"]
[EventDate "2010.??.??"]

1. e4 d5 2. d4 dxe4 3. Nc3 Nf6 4. Bg5 Bf5 5. f3 Nd5 6. Nxe4 h6 7. Bh4 g5 8. Bf2
Bg7 9. h4 f6 10. Bd3 Bh7 11. Ne2 Nd7 12. f4 g4 13. N4g3 e6 14. Bxh7 Rxh7 15. f5
e5 16. dxe5 Nxe5 17. Nd4 c6 18. Qd2 Nc7 19. O-O-O Qd5 20. Rhe1 O-O-O 21. Nb3 b6
22. Ne4 h5 23. Nd6+ Rxd6 24. Qe2 Qxg2 25. Rxd6 Kb7 26. Rg1 Qh2 27. Rdd1 Qf4+
28. Kb1 Qxf5 29. Bg3 Bh6 30. Rgf1 Nf3 31. Nd4 Nxd4 32. Rxd4 Qc5 33. Rc4 Qf8 34.
Qe4 Rf7 35. Qxc6+ Kb8 36. Bxc7+ Rxc7 37. Qxc7+ Ka8 38. Qd7 Kb8 39. Rd1 g3 40.
Qc7+ Ka8 41. Rd8+ Qxd8 42. Qxd8+ Kb7 43. Qc8# 1-0